00922nam a2200265Ia 4500003000400000005001700004008004100021020001500062040001800077041000800095082002000103100002800123245006900151250001200220260004700232300002700279650003200306650003200338650003100370650003300401700002900434942003000463999001900493952014400512OSt20220208154320.0210716s1996 xx 000 0 und d a0070213550 cAIMIT LIBRARY aeng a657.4825bESKR aEskew, Robert K.918058 aFinancial accounting /cBy Robert K. Eskew and Daniel L. Jensen. a5th ed. aUSA :bMcgraw Hill Companies,Inc. ,c1996. axxxi, 896p ;c28.3 cm. aFinancial Accounting918059 aThe Accounting Cycle918060 aFinancial Reporting918061 aAccounting for Assets918062 aJensen, Daniel L.918063 2ddccBKe5thk657.48 ESKR c200849d200849 00102ddc40738MBAaAIMITbAIMITd2006-04-03iBill no:; Bill dt:1900-01-00l0o657.48 ESKRpMBA03415r2025-07-21 00:00:00w2021-07-16yDB